| 000 | 00340nam a22001457a 4500 | ||
|---|---|---|---|
| 020 | _a0-442-23153-9 | ||
| 082 | _a697.93 LAN'B | ||
| 100 |
_aLANG, V. PAUL _967156 |
||
| 245 | _aBASICS OF AIR CONDITIONING | ||
| 250 | _a3RD | ||
| 260 |
_aNEWYORK _bVAN NOSTRAND _c1979 |
||
| 300 | _a326P | ||
| 650 |
_aAIR CONDITIONING _919032 |
||
| 942 | _cBK | ||
| 999 |
_c581602 _d581602 |
||